Catálogo
 En Linea

Clase dominante y democracia representativa en Venezuela / (Registro nro. 13811)

Detalles MARC
000 -CABECERA
campo de control de longitud fija 01163cam a2200277 a 4500
001 - NÚMERO DE CONTROL
campo de control 000014211
003 - IDENTIFICADOR DEL NÚMERO DE CONTROL
campo de control DO-SdBNP
005 - FECHA Y HORA DE LA ÚLTIMA TRANSACCIÓN
campo de control 20250529110535.0
008 - DATOS DE LONGITUD FIJA--INFORMACIÓN GENERAL
campo de control de longitud fija 970410s1995 ve b 000 0 spa
020 ## - NÚMERO INTERNACIONAL ESTÁNDAR DEL LIBRO
Número Internacional Estándar del Libro 9803251163
040 ## - FUENTE DE LA CATALOGACIÓN
Centro catalogador/agencia de origen DO-SdBNP
Lengua de catalogación spa
Centro/agencia transcriptor BNPHU
082 ## - NÚMERO DE LA CLASIFICACIÓN DECIMAL DEWEY
Número de clasificación 324.0987
Número de documento/Ítem C331c
100 1# - ENTRADA PRINCIPAL--NOMBRE DE PERSONA
Nombre de persona Carvallo, Gastón.
9 (RLIN) 27719
245 10 - MENCIÓN DE TÍTULO
Título Clase dominante y democracia representativa en Venezuela /
Mención de responsabilidad, etc. Gastón Carvallo ; compilación Josefina Ríos de Hernández y Ana Teresa Torres.
260 ## - PUBLICACIÓN, DISTRIBUCIÓN, ETC.
Lugar de publicación, distribución, etc. Caracas, Venezuela :
Nombre del editor, distribuidor, etc. Fondo Editorial Tropykos ;
-- Centro de Estudios del Desarrollo ;
-- Universidad Central de Venezuela,
Fecha de publicación, distribución, etc. 1995.
300 ## - DESCRIPCIÓN FÍSICA
Extensión 195 p. ;
Dimensiones 21 cm.
490 1# - MENCIÓN DE SERIE
Mención de serie José Agustín Silva Michelena
Designación de volumen o secuencia 5
504 ## - NOTA DE BIBLIOGRAFÍA, ETC.
Nota de bibliografía, etc. Incluye referencias bibliográfica y notas al pie de las páginas.
650 #4 - PUNTO DE ACCESO ADICIONAL DE MATERIA--TÉRMINO DE MATERIA
Término de materia o nombre geográfico como elemento de entrada Gobierno representativo
Subdivisión geográfica Venezuela
9 (RLIN) 32107
650 #0 - PUNTO DE ACCESO ADICIONAL DE MATERIA--TÉRMINO DE MATERIA
Término de materia o nombre geográfico como elemento de entrada Clase media
Subdivisión geográfica Venezuela
Subdivisión general Historia
Subdivisión cronológica Siglo XX
9 (RLIN) 2589
651 #4 - PUNTO DE ACCESO ADICIONAL DE MATERIA--NOMBRE GEOGRÁFICO
Nombre geográfico Venezuela
Subdivisión general Política y gobierno,
Subdivisión cronológica 1974-
9 (RLIN) 31368
700 1# - PUNTO DE ACCESO ADICIONAL--NOMBRE DE PERSONA
Nombre de persona Ríos de Hernández, Josefina.
9 (RLIN) 30326
700 1# - PUNTO DE ACCESO ADICIONAL--NOMBRE DE PERSONA
Nombre de persona Torres, Ana Teresa,
Fechas asociadas al nombre 1945-
9 (RLIN) 24420
830 #0 - PUNTO DE ACCESO ADICIONAL DE SERIE-TÍTULO UNIFORME
Título uniforme José Agustín Silva Michelena ;
Designación de volumen o secuencia 5
9 (RLIN) 32109
942 ## - ELEMENTOS DE PUNTO DE ACCESO ADICIONAL (KOHA)
Fuente del sistema de clasificación o colocación Dewey Decimal Classification
Tipo de ítem Koha Libro
Existencias
Estado de retiro Estado de pérdida Restricciones de uso No para préstamo Código de colección Localización permanente Ubicación/localización actual Ubicación en estantería Fecha de adquisición Número de inventario Total de préstamos Signatura topográfica completa Código de barras Fecha visto por última vez Precio válido a partir de Tipo de ítem Koha Número de copia
    Préstamo interno   Monografías: Libros y Folletos General General En catalogación 07.12.2009 LF1   324.0987 C331c 14211-10 25.06.2020 25.06.2020 Préstamo interno  
    Préstamo restringido Préstamo restrigido Monografías: Libros y Folletos General General En catalogación 07.12.2009 LF1   324.0987 C331c 14211-20 25.06.2020 25.06.2020 Préstamo interno e.2
        Monografías: Libros y Folletos Patrimonio Dominicano Patrimonio Dominicano Orden iniciada 05.06.2017 LF1   324.0987 C331c 14211-30 25.06.2020 25.06.2020 No se presta  

Con tecnología Koha